| 000 | 00543pab a2200181 454500 | ||
|---|---|---|---|
| 008 | 180718b2009 xxu||||| |||| 00| 0 eng d | ||
| 100 | _aNair, Baboo, M. | ||
| 245 | _aClimate change: an opportunity for the Indian agro food sector and a challenge to the Indian agricultural education and research | ||
| 260 | _c2009 | ||
| 300 | _ap.8-14. | ||
| 362 | _a21 Sep | ||
| 650 | _aIndian Agricultural Education and research | ||
| 650 | _aFood supply | ||
| 650 | _aClimatic change | ||
| 773 | _aUniversity News | ||
| 908 | _aN | ||
| 909 | _a83963 | ||
| 999 |
_c83963 _d83963 |
||